|
|
|
|
| LEADER |
00689cam a2200217ua 4500 |
| 008 |
111221t2008||||||||||| 00 ||eng c |
| 041 |
0 |
|
|a eng
|
| 082 |
|
|
|a 321.8
|b CLA/P
|
| 100 |
|
|
|a Clawson,, Rosalee A.
|
| 245 |
1 |
0 |
|a Public opinion: democratic ideals, democratic practice /
|
| 260 |
|
|
|a Washington D.C.:
|b CQ Press,
|c 2008.
|
| 300 |
|
|
|a 426p..
|
| 362 |
1 |
|
|a 2008.
|
| 650 |
|
|
|a Political science
|
| 650 |
0 |
|
|a Democracy
|
| 650 |
0 |
|
|a Public opinion
|
| 650 |
0 |
|
|a Political socialisation
|
| 700 |
0 |
2 |
|a Oxley,, Zoe M.
|
| 942 |
|
|
|c BK
|
| 999 |
|
|
|c 31542
|d 31542
|
| 952 |
|
|
|0 0
|1 0
|4 0
|6 321_800000000000000_CLA
|7 0
|9 33416
|a KUCL
|b KUCL
|d 2014-05-23
|l 2
|o 321.8 CLA/
|p 28035
|r 2019-11-30
|s 2019-10-29
|w 2014-05-23
|y BK
|